Lyrics Nena - Nur geträumt - Statistiken

Allgemein
  • Dieses Quiz wurde 104 mal gespielt
  • Das Durchschnittsergebnis liegt bei 110 aus 153
Antwortstatistiken
Antwort % Korrekt
geträumt
99%
Ich
99%
ich
99%
nur
98%
dir
94%
Hab
94%
hab
94%
von
93%
Denn
90%
nicht
90%
heut
85%
versäumt
85%
es
84%
geh
82%
nichts
82%
Wir
80%
an
79%
haben
79%
heute
79%
lang
79%
mehr
79%
zu
79%
Alles
78%
gesehen
78%
so
78%
uns
78%
was
78%
mag
77%
wie
77%
rüber
76%
sag
76%
gehen
74%
werd
73%
bin
72%
mal
72%
Mein
70%
mein
70%
verrückt
67%
passiert
65%
wenn's
65%
total
61%
will
60%
das
57%
dich
57%
die
55%
verwirrt
54%
allein
52%
bei
50%
sein
49%
und
48%
deine
46%
Deine
46%
auf
43%
Augen
43%
im
43%
mir
43%
Mir
43%
mach
41%
sie
41%
ist
39%
mich
38%
Hand
35%
tut
34%
gleich
33%
ganz
32%
Kopf
32%
weh
32%
Denken
30%
erkannt
30%
immer
30%
schon
30%
Blicke
28%
seh
28%
erzähl
27%
ärgern
26%
heiß
24%
Gras
22%
grünen
22%
lieg
21%
Keine übereinstimmenden Quizze gefunden
Verteilung der Resultate
Anzahl Personen mit jedem Resultat
Perzentil nach korrekt beantworteten Fragen
Ihre Resultats-Entwicklung
Sie haben dieses Quiz noch nicht gespielt